Normal view MARC view
  • Zorrilla, José,

Entry Nombre Personal

Number of records used in: 8

001 - NUMERO DE CONTROL

  • campo de control: 30370

003 - IDENTIFICADOR DE NUMERO DE CONTROL

  • campo de control: DLC

005 - FECHA Y HORA DE LA ÜLTIMA TRANSACCIÓN

  • campo de control: 20220629143957.0

008 - DATOS DE LONGITUD FIJA

  • campo de control de longitud fija: 800423n| azannaabn |a aaa d

010 ## - NÚMERO DE CONTROL DE LA BIBLIOTECA DEL CONGRESO

  • Número de control LC: n 50016892
  • Número de Control LC Cancelado/inválido: n 88611807

035 ## - NUMERO DE CONTROL

  • Número de control: (OCoLC)oca00052343

040 ## - FUENTE DE CATALOGACIÓN

  • Agencia original de catalogación: DLC
  • Lenguaje de catalogación: spa
  • Description conventions: rda
  • Agencia de transcripción: DLC
  • Agencia que lo modifica: DLC
  • Agencia que lo modifica: OCoLC
  • Agencia que lo modifica: UPB
  • Agencia que lo modifica: DLC
  • Agencia que lo modifica: MX-MxUPN

046 ## - FECHAS CON CODIFICACIÓN ESPECIAL

  • Fecha de nacimiento: 1817-02-21
  • Fecha de muerte: 1893-01-23
  • Fuente del formato de fecha: edtf

053 #0 - NÚMERO DE CLASIFICACIÓN LC

  • Número de clasificación elemento-número único o número inicial de tramo: PQ6575

100 1# - ENCABEZAMIENTO - NOMBRE PERSONAL

  • Nombre personal: Zorrilla, José,
  • Fechas asociadas con el nombre: 1817-1893

370 ## - LUGAR ASOCIADO

  • Place of birth: Valladolid (España)
  • Place of death: Madrid (España)

374 ## - OCUPACIÓN

  • Occupation: Poeta
  • Occupation: Dramaturgo
  • Fuente del término: lcsh

377 ## - LENGUA ASOCIADA

  • Language code: spa

378 ## - FORMA COMPLETA DE NOMBRE PERSONAL

  • Fuller form of personal name: Zorrilla y Moral

400 1# - VEÁSE - NOMBRE DE PERSONA

  • Personal name: Zorrilla y Moral, José,
  • Dates associated with a name: 1817-1893

670 ## - FUENTE EN LA QUE SE LOCALIZARON DATOS

  • Cita de la fuente: Don Juan Tenorio, 2012:
  • Información localizada: portada (José Zorrilla)

670 ## - FUENTE EN LA QUE SE LOCALIZARON DATOS

  • Cita de la fuente: Wikipedia WWW site, viewed 22 January 2014
  • Información localizada: (José Zorrilla, José Zorrilla y Moral; Feb. 21, 1817 Valladolid, d enero. 23, 1893 Madrid; poeta y dramaturgo español)
  • Uniform Resource Identifier: http://en.wikipedia.org/wiki/Jos%C3%A9_Zorrilla

902 ## - CATALOGADOR

  • Catalogador: VRC/290622